| 000 | 00901nam a22003017a 4500 | ||
|---|---|---|---|
| 001 | 7794 | ||
| 003 | FISKH | ||
| 005 | 20250828111011.0 | ||
| 008 | 250807b cb ||||| |||| 00| 0 eng d | ||
| 020 | _a9780545422000 | ||
| 040 |
_aDNAL/DLC _cDLC _dIG# _dBTCTA _dUKM _dOCP _dDLC _beng |
||
| 050 | _aQL568.F7 S82 | ||
| 082 | _a 595.79 | ||
| 100 | 1 | _aStewart, Melissa | |
| 245 | 1 | 0 |
_aAnts / _cMelissa Stewart. |
| 250 | _aThis edition first published in 2011 | ||
| 260 |
_aWashington : _bScholastic, _c2010 |
||
| 300 |
_a32 pages : _bcolor illustrations ; _c23 cm |
||
| 490 | 1 | _aNational Geographic readers. Level 1 | |
| 505 | _aJ | ||
| 520 | _aDescribes different types of ants and their behavior | ||
| 521 |
_a470
_bLexile |
||
| 521 |
_aJ
_bRaz-Plus |
||
| 650 | 0 |
_aAnts _vJuvenile literature. |
|
| 650 | 0 |
_aLiterature. _vNational Geographic Kids |
|
| 942 |
_2ddc _cBK _n0 |
||
| 999 |
_c7794 _d7794 |
||